000 00802nam a2200229 a 4500
001 000009427
005 20200929161606.0
008 920417s1990 cu b 000 1 spa
010 _a92147636
040 _aDO-SdBNP
_cDLC
082 _aM863.44
_bA774c
100 1 _aArreola, Juan José.
_d1918-2001
_916647
245 1 0 _aConfabulaciones /
_cJuan José Arreola ; compilación y prólogo, Raúl Hernández Novas.
260 _aCiudad de La Habana, Cuba :
_bCasa de las Américas,
_cc1990.
300 _axliii, 378 p. ;
_c19 cm.
490 1 _aLiteratura latinoamericana
_v129
650 4 _aNovela mexicana
_93959
650 4 _aLiteratura mexicana
_91922
700 1 _aHernández Novas, Raúl,
_d1948-
_924220
830 0 _aLiteratura latinoamericana ;
_v129
_9500
910 _aCatalogación por copia / LC
999 _c9187
_d9187